Izolácie a aplikácie nových enzýmových biokatalyzátorov diplomová práca

Guardado en:
Detalles Bibliográficos
Autor principal: Petrovičová, Tatiana
Formato: Libro
Lenguaje:eslovaco
Publicado: Bratislava STU FCHPT 2016
Acceso en línea:Ver en el OPAC
Etiquetas: Agregar Etiqueta
Sin Etiquetas, Sea el primero en etiquetar este registro!

MARC

LEADER 00000nam a2200000 a 4500
005 20260127133955.0
008 160622 2016 000 0 slo d
035 |a vtls011562028 
039 9 |a 201606230913  |b mschk03  |y 201606220934  |z mschk03 
040 |a STUSCHK1  |b slo  |c STUSCHK1  |e AACR2 
100 1 |a Petrovičová, Tatiana 
245 1 |a Izolácie a aplikácie nových enzýmových biokatalyzátorov  |b diplomová práca  |c Tatiana Petrovičová 
260 |a Bratislava  |b STU FCHPT  |c 2016 
300 |a 95 s.  |b il.  |c 25 cm 
500 |a Študijný program: biotechnológia 
500 |a Študijný odbor: biotechnológie 
500 |a Školiace pracovisko: Ústav biotechnológie 
500 |a Evid. číslo: FCHPT-5421-42770 
910 |a SCHK95 
999 |c 1241  |d 1241